000 00400nam a22001457a 4500
003 SGT
020 _a9789351867302
082 _a954
_bJ17B
100 _aभाटिया जनरल सूरज
245 _aजलियावाला कांड का सच
260 _bप्रभात प्रकाशन
_c2017
300 _a215
650 _aINDIAN HISTORY
942 _2ddc
_cBK
999 _c27812
_d27812